Stan Waszyngton według zdjęcia - Statystyki

Ogólne statystyki
  • Ten quiz został rozwiązany 7 razy
    3 od ostatniego zresetowania
  • Średni wynik to 3 z 15
Statystyki odpowiedzi
Obrazkowy Hint Odpowiedź % Poprawnych
bogatszy niż Bill Gates Jeff Bezos
67%
spółka Microsoft
67%
spółka Starbucks
67%
spółka Boeing
33%
rzeka Kolumbia
33%
ssak państwowy Świstak olimpijski
33%
spółka Costco
0%
produkt rolny Hops
0%
wulkan Mount Rainier
0%
wulkan Mount Sankt Helens
0%
park narodowy Park Narodowy Olympic
0%
zbiornik wodny Puget Sound
0%
element krajobrazu Space Needle
0%
seria filmów Twilight
0%
Elektrownia wodna w USA Zapora {Grand} {Coulee}
0%
Nie znaleziono quizów pasujących do podanych kryteriów
Rozkład punktacji
Procent ludzi z każdym wynikiem
Percentyl według liczby udzielonych odpowiedzi
Twoja historia wyników
Nie rozwiązałeś tego quizu od ostatniego zresetowania